000 00666nam a2200229 4500
001 120970
003 ES-MaACL
005 20250817154451.0
007 t|
008 070214s1977 sp r ||||1| spa d
020 _a84-287-0430-9
080 _a75.036.2
080 _a82.015.19
100 1 _aPonce, Fernando.
_992938
245 1 3 _aLa experiencia artística del impresionismo /
_cFernando Ponce.
260 _aMadrid :
_bPrensa Española,
_c1977.
300 _a209 p. ;
_c18 cm.
650 7 _aImpresionismo (Arte)
_2embne
_9136699
650 7 _aImpresionismo (Literatura)
_2embne
_9173286
852 _aES-MaACL
_jA-6406
999 _c120970
_d120970